| 000 | 00602nam a2200229Ia 4500 | ||
|---|---|---|---|
| 008 | 160319s9999 xx 000 0 und d | ||
| 245 | _aEgypt : Rediscovering a lost world : | ||
| 245 | _bthe search for Tutankhamun / | ||
| 245 | _cdirected by Ferdinand Fairfax. | ||
| 260 | _bDolby Digital. | ||
| 260 | _c2006 | ||
| 300 | _a1 video disc : | ||
| 300 | _bsound, colored ; | ||
| 300 | _c4 3/4 in. | ||
| 650 | _aAntiquities. | ||
| 650 | _aEgypt -- Antiquities -- | ||
| 650 | _aEgypt. | ||
| 650 | _aEgyptologists -- | ||
| 650 | _aEgyptologists. | ||
| 650 | _xDrama. | ||
| 650 | _xDrama. | ||
| 999 |
_c292813 _d292813 |
||